Największe miasta nad rzeką Dniepr - Statystyki

Ogólne statystyki
  • Ten quiz został rozwiązany 26 razy
  • Średni wynik to 5 z 11
Statystyki odpowiedzi
Ludność Miasto % Poprawnych
2,967mln Kijów
96%
980tys. Dniepr
88%
283tys. Chersoń
63%
722tys. Zaporoże
63%
277tys. Czerkasy
46%
357tys. Mohylew
46%
325tys. Smoleńsk
29%
114tys. Orsza
13%
239tys. Kamieńskie
8%
219tys. Krzemieńczuk
8%
127tys. Nikopol
8%
Nie znaleziono quizów pasujących do podanych kryteriów
Rozkład punktacji
Procent ludzi z każdym wynikiem
Percentyl według liczby udzielonych odpowiedzi
Twoja historia wyników
Nie rozwiązałeś tego quizu